[Event "EYCC 2017"]
[Site "Mamaia"]
[Date "2017.09.11"]
[Round "6"]
[White "Martirosyan, Haik M"]
[Black "Morozov, Nichita"]
[Result "1-0"]
[WhiteElo "2570"]
[BlackElo "2461"]
[Annotator "TA"]
[PlyCount "93"]
[EventDate "2017.??.??"]
[EventType "swiss"]
[EventCountry "ROU"]
[SourceTitle "playchess.com"]
[Source "ChessBase"]
[SourceQuality "1"]

{[%evp 22,93,6,6,14,13,4,8,12,8,10,5,0,-12,-10,-56,-19,-18,-7,-64,-27,-39,-34,-70,-79,-75,-71,-70,-79,-151,-6,-50,-45,-46,-34,-39,20,31,50,57,69,75,272,272,489,509,500,478,512,512,512,502,507,494,602,591,592,606,794,794,794,787,709,787,787,787,742,641,791,763,780,775,750,704]} 1. d4 Nf6 2. c4 g6 3. Nf3 Bg7 4. g3 c6 5. Bg2 d5 6. Qb3 O-O 7. O-O Qb6 8. Nc3 Rd8 9. h3 {D78: Fianchetto Grünfeld: 6 0-0 c6} (9. Bd2 Be6 10. Na4 Qxb3 11. axb3 Nbd7 12. Rfc1 Ne4 13. Ba5 b6 14. Be1 Rac8 15. cxd5 Bxd5 16. b4 e5 17. Nxe5 Nxe5 18. dxe5 Bxe5 19. Bxe4 Bxe4 {½-½ (43) Giri,A (2773)-So,W (2808) Wijk aan Zee 2017}) 9... Be6 10. c5 Qxb3 11. axb3 Na6 12. Bf4 {LiveBook: 3 Games} Nd7 13. g4 f6 14. Ra4 $146 ({Predecessor:} 14. g5 fxg5 15. Nxg5 Bf7 16. Nxf7 Kxf7 17. Bxd5+ cxd5 {0-1 (55) Ippolito,D (2455)-Antal,G (2479) Lubbock 2009}) 14... Bf7 15. b4 e5 16. Bg3 Nc7 17. e3 a6 18. Nd2 Nb5 19. Nb3 f5 $36 {[%cal Re5d4][%mdl 2048] Black fights for an advantage.} 20. Rd1 {[#]} (20. Na5 $11) 20... f4 $1 {[%mdl 512]} 21. exf4 Nxd4 22. Nxd4 exd4 {[%cal Be5d4,Bd4d3][%mdl 32]} 23. Ne2 {[#]} d3 $1 {[%cal Rd3e2][%mdl 512]} 24. Nc1 (24. Rxd3 a5) 24... Bxb2 25. Nb3 (25. Nxd3 $142 Bc3 26. Ra3) 25... Nf8 ({Black should play} 25... b5 $17 26. cxb6 Nxb6) 26. Bf1 Rd7 27. Bxd3 Re8 28. f5 g5 (28... gxf5 $15 29. Bxf5 Rde7) 29. f3 $11 d4 30. Nd2 Re3 31. Bc4 $1 Ra3 $2 (31... Bc3 $16) 32. Bxf7+ Rxf7 $2 (32... Kxf7 33. Rxa3 Bxa3) 33. Rxa3 $18 {White is clearly winning.} Bxa3 34. Rb1 a5 35. bxa5 Bxc5 36. Ne4 Ba7 37. Nxg5 Rd7 38. Ne4 {Black must now prevent Nf6+.} d3+ 39. Bf2 Bd4 40. Bxd4 Rxd4 41. Rxb7 d2 {[#]} 42. Nxd2 $1 {[%mdl 512]} Rxd2 {KRN-KR} 43. a6 {[%cal Ba5a6,Ba6a7][%mdl 32]} Ra2 44. a7 c5 {[#] Now ...c4 and Black clings on.} 45. Kf1 $1 h6 46. Ke1 c4 47. Kd1 {Precision: White = 68%, Black = 47%.} 1-0

[Event "EYCC 2017"]
[Site "Mamaia"]
[Date "2017.09.11"]
[Round "6"]
[White "Esipenko, Andrey"]
[Black "Stoleriu, George"]
[Result "1-0"]
[WhiteElo "2540"]
[BlackElo "2315"]
[Annotator "TA"]
[PlyCount "91"]
[EventDate "2017.??.??"]
[EventType "swiss"]
[EventCountry "ROU"]
[SourceTitle "playchess.com"]
[Source "ChessBase"]
[SourceQuality "1"]

{[%evp 25,91,29,76,21,29,35,44,39,49,49,62,84,74,60,66,63,72,72,82,63,113,117,125,126,166,141,377,365,366,362,417,329,355,311,574,371,1047,1058,1007,977,1097,1081,1089,1056,960,689,828,832,776,594,600,535,742,590,578,566,738,871,846,826,798,784,8240,3353,1235,1105,12837,12837]} 1. d4 Nf6 2. c4 e6 3. Nf3 Bb4+ 4. Nbd2 b6 5. a3 Bxd2+ 6. Qxd2 Bb7 7. e3 a5 8. b3 d6 9. Be2 O-O 10. O-O Nbd7 11. Bb2 Ne4 {E14: Queen's Indian: Classical Variation (4 e3)} (11... Qe7 12. Qc2 c5 13. Rfd1 Rfd8 14. Qc3 Ne4 15. Qe1 h6 16. Nd2 Nef6 17. Nb1 cxd4 18. exd4 e5 19. Bf1 e4 {1-0 (64) Wojtaszek,R (2742)-Moiseenko,A (2698) Germany 2015}) 12. Qc2 f5 13. d5 exd5 {[#] LiveBook: 4 Games. White has an edge.} 14. Rad1 $146 ({White should try} 14. Nd4 $16) ({Predecessor:} 14. Nd4 Qe7 15. cxd5 Ndf6 16. f3 Nxd5 17. fxe4 Nxe3 18. Qc3 Nxf1 19. Rxf1 Bxe4 {½-½ (46) Olszewski,M (2551)-Dragun,K (2530) Warsaw 2013}) 14... c5 15. cxd5 Ba6 16. Bxa6 Rxa6 17. Ne1 {[%cal Bf3e1,Be1d3,Bd3f4,Bf4e6][%mdl 32]} a4 18. bxa4 Qe7 19. Nd3 Nef6 20. Nf4 Qe4 21. Qe2 Rxa4 22. Ne6 Rc8 23. f3 Qc4 24. Qf2 {Qg3 is the strong threat.} Qh4 25. Qc2 $36 {[%mdl 2048] Black must now prevent g3. White is on the roll.} g6 $2 {[#]} (25... b5 $16) 26. e4 $1 $18 {[%mdl 512]} b5 {[%cal Rf5e4]} (26... fxe4 27. Qxa4) 27. exf5 Rc4 28. Qb3 Rb8 29. Qd3 Kf7 $2 (29... Qh6 {was necessary.} 30. Rfe1 Rc8) 30. f4 Qg4 $2 (30... Qh5 31. fxg6+ Qxg6) 31. Ng5+ {White is clearly winning.} Kg7 32. fxg6 hxg6 33. Rde1 {[#] Strongly threatening Re7+.} Qf5 34. Qe3 Rf8 35. Ne6+ Kf7 36. Nxf8 {White threatens Qe7+ and mate.} Re4 37. Qd2 {Threatens to win with Nxd7.} Kxf8 38. Rxe4 Qxe4 39. Bxf6 Nxf6 40. Re1 Qxd5 41. Qxd5 Nxd5 {KR-KN} 42. Rd1 Nc3 43. Rxd6 Nb1 44. Rd5 (44. Rc6 $142 c4 45. Rxg6) 44... c4 45. Rxb5 Nxa3 46. Ra5 {Precision: White = 83%, Black = 42%.} 1-0

[Event "EYCC 2017"]
[Site "Mamaia"]
[Date "2017.09.11"]
[Round "6"]
[White "Sorokin, Aleksey"]
[Black "Sousa, Andre Ventura"]
[Result "1-0"]
[WhiteElo "2486"]
[BlackElo "2386"]
[Annotator "TA"]
[PlyCount "95"]
[EventDate "2017.??.??"]
[EventType "swiss"]
[EventCountry "ROU"]
[SourceTitle "playchess.com"]
[Source "ChessBase"]
[SourceQuality "1"]

{[%evp 19,95,52,78,72,75,95,146,120,155,136,146,130,194,-12,-12,-12,-10,-15,70,70,70,68,75,51,52,48,64,66,73,66,66,68,90,87,88,83,83,83,104,105,108,108,108,108,104,73,64,67,72,62,49,69,114,116,364,364,1610,1482,1510,1283,29968,29969,29969,29970,29970,29969,29972,29973,29973,29974,29974,29975,29972,12586,29982,29983,29984,29985]} 1. d4 d5 2. Nf3 Nf6 3. c4 e6 4. g3 Bb4+ 5. Bd2 Bd6 (5... Be7 6. Bg2 O-O 7. O-O Nbd7 8. Bf4 c6 9. Nc3 b6 10. cxd5 exd5 11. Rc1 Bb7 12. Qc2 Re8 13. Rfd1 Nf8 14. e4 dxe4 15. Ne5 Nd5 16. Nxe4 Ne6 17. Be3 Rc8 18. Qb3 Bf8 19. Nc3 Nxe3 20. fxe3 Rc7 21. Kh1 {1-0 (54) Dominguez Perez,L (2739)-Caruana,F (2807) Saint Louis 2017}) 6. Nc3 {E01: Catalan: Early deviations} c6 7. Qc2 Nbd7 8. e4 Nxe4 9. Nxe4 dxe4 10. Qxe4 O-O {LiveBook: 4 Games} 11. Bd3 {[%csl Gd3][%cal Re4h7]} Nf6 12. Qh4 $1 Re8 (12... g6 $142) 13. O-O-O $146 b5 14. c5 $1 {[%cal Rc5d6]} ({Inferior is} 14. cxb5 Bb7 $11) 14... Bxc5 15. g4 $1 {[%cal Rg4g5] Black must now prevent g5.} Qd5 16. g5 $2 (16. Rhg1 $1 $18) 16... Qxf3 $11 17. gxf6 Qxd3 18. dxc5 Qc4+ (18... e5 $1 $11 19. Bc3 (19. Bh6 Qf3 $15) 19... Qh3 20. Qxh3 Bxh3) 19. Qxc4 $14 bxc4 20. Bc3 e5 21. Rhg1 g6 22. Rd6 Bf5 23. Rxc6 Rac8 24. Rxc8 Rxc8 $16 {[%mdl 4096] Endgame KRB-KRB} 25. Rd1 h6 26. Rd5 ({Don't play} 26. Bxe5 Rxc5 27. f4 Be6 $11) 26... Be6 27. Rxe5 Kf8 28. Bd2 Ke8 29. Bxh6 Kd7 30. Bg7 Re8 31. f4 Kc6 32. f5 gxf5 33. Bh6 Kd7 34. h4 Rh8 35. Bg5 Kc6 36. h5 $1 Rxh5 $2 {[#]} (36... c3 $16 {might work better.}) 37. Rxe6+ $1 $18 {[%mdl 512]} fxe6 $2 $16 {KR-KB} (37... Kd5) 38. f7 $18 Rh8 {[#]} 39. Be7 $1 f4 40. f8=Q Rxf8 41. Bxf8 {KB-KP} e5 42. Kd2 e4 43. Bd6 f3 44. Ke3 Kd5 45. Bf8 Kc6 46. Bg7 Kd5 47. Bd4 a5 48. a4 {Precision: White = 79%, Black = 40%.} 1-0

[Event "EYCC 2017"]
[Site "Mamaia"]
[Date "2017.09.11"]
[Round "6"]
[White "Van Foreest, Lucas"]
[Black "Engel, Luis"]
[Result "1-0"]
[WhiteElo "2485"]
[BlackElo "2363"]
[Annotator "TA"]
[PlyCount "123"]
[EventDate "2017.??.??"]
[EventType "swiss"]
[EventCountry "ROU"]
[SourceTitle "playchess.com"]
[Source "ChessBase"]
[SourceQuality "1"]

{[%evp 24,123,25,14,17,15,20,10,42,25,27,21,101,102,98,81,94,79,79,79,93,100,94,95,81,84,132,107,127,129,126,121,108,112,189,109,111,103,110,109,110,105,103,101,108,108,109,106,115,110,114,115,121,110,121,112,114,0,113,105,104,103,106,82,102,99,119,93,97,95,95,79,97,93,95,91,93,92,100,100,97,95,101,96,99,90,96,84,102,106,105,103,110,106,92,89,390,390,388,387,385,375]} 1. e4 c5 2. Nf3 d6 3. d4 cxd4 4. Nxd4 Nf6 5. Nc3 a6 6. Be3 e5 7. Nf3 Be7 8. Bc4 O-O 9. O-O Nc6 10. Qe2 Be6 {B90: Sicilian Najdorf: Unusual White 6th moves, 6 Be3 Ng4 and 6 Be3 e5} (10... Na5 11. Bb3 h6 12. Rfd1 Nxb3 13. axb3 Qe8 14. Nd2 b5 15. Nxb5 {½-½ (15) Andriasian,Z (2622)-Jurcik,M (2501) Minsk 2017}) 11. Bb3 Rc8 12. Rfd1 Qc7 13. Bg5 {LiveBook: 7 Games} Ne8 14. Bxe7 Qxe7 $146 ({Predecessor:} 14... Nxe7 15. Rd2 b5 16. Qe3 h6 17. Rad1 Qb8 {½-½ (33) Sepp,O-Joppich,U (2472) ICCF email 2014}) 15. Qd2 Bg4 16. Nd5 Qd8 $1 17. Qe3 Nd4 (17... Na5 $11 {keeps the balance.}) 18. Nxd4 $16 Bxd1 19. Nf5 $36 {[%mdl 2048] Keeping Black busy.} Bg4 20. Nfe7+ Kh8 21. Nxc8 Bxc8 22. Qb6 Qxb6 23. Nxb6 Be6 24. Rd1 Kg8 25. Bd5 Nf6 26. Bxe6 $1 (26. Bxb7 Rb8 $17) 26... fxe6 27. Rxd6 Nxe4 28. Rxe6 Nxf2 {[#]} (28... Rd8 $16 {was called for.} 29. Kf1 Rd1+ 30. Ke2 Rc1) 29. Rxe5 {[%mdl 4096] Endgame KRN-KRN} (29. Nd7 $1 $18 {[%cal Rd7f8]} Rf4 30. g3 (30. Nxe5 h6 $16) (30. Rxe5 Rd4 $16)) 29... Ng4 30. Re4 Nf6 31. Re2 Rd8 32. h3 Kf7 33. Nc4 Rd5 34. Kf2 Nd7 35. Rd2 Rf5+ 36. Ke1 Ke6 37. Re2+ Kf6 38. Nd6 Rd5 39. Rd2 Re5+ 40. Re2 Rd5 $1 {[%cal Rd5d6]} 41. Ne4+ Kf5 42. Ng3+ Kf6 43. Rd2 Re5+ 44. Kf2 Nc5 45. Rd6+ Ke7 46. Rb6 Kd7 47. Rb4 Kc6 48. Rf4 Re7 49. Nf5 Rd7 50. Nd4+ Kd5 {Black wants to play ...g5.} 51. Ne2 Ne6 52. Rf5+ Ke4 53. Ng3+ Kd4 54. Ke1 g6 55. Ra5 Rf7 56. Ne2+ Ke4 57. Nc3+ Kd4 58. Rd5+ Kc4 59. Re5 Nd4 $2 {[%mdl 8192]} (59... Nf4 $16 {is a better chance.}) 60. Re4 $18 {White is winning.} Kc5 {[#]} 61. b4+ $1 {[%mdl 512]} Kxb4 62. Ne2 {Precision: White = 70%, Black = 57%.} 1-0

[Event "EYCC 2017"]
[Site "Mamaia"]
[Date "2017.09.11"]
[Round "6"]
[White "Thybo, Jesper Sondergaard"]
[Black "Kouskoutis, Georgios-Alexandros"]
[Result "1-0"]
[WhiteElo "2466"]
[BlackElo "2314"]
[Annotator "TA"]
[PlyCount "117"]
[EventDate "2017.??.??"]
[EventType "swiss"]
[EventCountry "ROU"]
[SourceTitle "playchess.com"]
[Source "ChessBase"]
[SourceQuality "1"]

{[%evp 27,117,15,18,0,6,8,28,29,22,27,18,14,7,13,5,0,12,-3,0,-2,27,15,18,0,0,0,0,-7,68,58,164,125,123,120,143,129,145,144,111,89,95,90,83,95,78,76,74,62,70,43,45,42,128,136,136,129,132,119,132,80,177,177,172,172,185,181,245,239,191,201,500,490,516,479,443,420,1173,789,1181,912,904,898,1173,1003,1172,1087,1281,1256,1229,1161,1100,1050]} 1. d4 Nf6 2. c4 e6 3. Nf3 d5 4. g3 Be7 5. Bg2 O-O 6. O-O c6 7. Qc2 b6 8. b3 Nbd7 9. Rd1 Bb7 10. Nc3 Ba6 {E08: Closed Catalan: Main Line: 7 Qc2} (10... Rc8 11. e4 c5 12. dxc5 dxc4 13. b4 a5 14. a3 axb4 15. axb4 bxc5 16. b5 Qc7 17. Bf4 e5 18. Bg5 Nb6 19. Nd2 {½-½ (32) Nakamura,H (2787)-Carlsen,M (2855) Bilbao 2016}) 11. Bb2 Qc8 12. Nd2 b5 13. e4 dxc4 14. bxc4 bxc4 {[#] LiveBook: 5 Games} 15. Rdc1 $146 ({Predecessor:} 15. Nf1 Rd8 16. Ne3 Rb8 17. Ne2 Qc7 18. Rab1 {½-½ (101) Maletin,P (2581)-Bivol,A (2350) St Petersburg 2015}) 15... Rb8 16. Nd1 c5 17. d5 exd5 18. exd5 Ne8 19. Nxc4 Bxc4 20. Qxc4 Nd6 21. Qc2 Re8 22. Ne3 Bg5 23. Re1 Qa6 (23... Bxe3 $5 24. Rxe3 Rxe3 25. fxe3 f6 $14) 24. Bh3 $40 {[%mdl 128] White is up to no good.} Nf8 25. a4 Bxe3 26. Rxe3 Rxe3 27. fxe3 Qb7 (27... Nc4 $11 28. Bc1 Ne5) 28. Ba3 $14 Rd8 (28... Nd7 $14) 29. Qxc5 Ne4 30. Qb5 Qc7 {White should prevent ...Qc3.} 31. Rc1 Qe5 {aiming for ...Ng5.} 32. d6 Qf6 {White must now prevent ...Qf2+.} 33. Qf5 Qxf5 34. Bxf5 Nxd6 35. Rd1 Nb7 36. Rxd8 Nxd8 $16 {[%mdl 4096] Endgame KBB-KNN} 37. Bc5 Nc6 $1 38. Bc8 f6 39. Bd6 {Strongly threatening Bb7.} Ng6 (39... Kf7 $14) 40. Be6+ Kh8 41. Kf2 Nge5 42. Ke2 g6 43. Bf8 (43. Kd2 $142) 43... Nb8 (43... h5 $16) 44. Kd2 $18 Nbd7 45. Be7 Kg7 46. Kc3 $1 Nb8 (46... f5 {might work better.} 47. Kb4 Nf6) 47. Bc5 Nbc6 48. Bd5 f5 $2 {[#]} (48... a6 49. Bd6 g5) 49. Bxc6 $1 Nxc6 {[#] KB-KN} 50. Kc4 $1 a6 51. Kd5 Na5 (51... Nd8 $142 52. Be7 Nf7) 52. Bb4 {White is clearly winning.} Nb3 53. Kc4 Nc1 54. Bd2 Ne2 55. Kc5 Kf6 56. Kb6 Ke5 57. Kxa6 Ke4 58. Kb7 Kd3 59. a5 {Precision: White = 80%, Black = 43%.} 1-0

[Event "EYCC 2017"]
[Site "Mamaia"]
[Date "2017.09.11"]
[Round "6"]
[White "Vykouk, Jan"]
[Black "Radovic, Janko"]
[Result "1/2-1/2"]
[WhiteElo "2440"]
[BlackElo "2330"]
[Annotator "TA"]
[PlyCount "56"]
[EventDate "2017.??.??"]
[EventType "swiss"]
[EventCountry "ROU"]
[SourceTitle "playchess.com"]
[Source "ChessBase"]
[SourceQuality "1"]

{[%evp 22,56,46,50,33,4,11,0,0,0,0,0,0,0,0,0,0,0,-8,-18,-18,-18,-12,-11,62,62,62,66,72,74,71,63,58,-27,-25,-33,-33]} 1. e4 c5 2. Nf3 d6 3. d4 cxd4 4. Nxd4 Nf6 5. Nc3 a6 6. Be3 e5 7. Nb3 Be6 8. f3 h5 9. Nd5 {B90: Sicilian Najdorf: Unusual White 6th moves, 6 Be3 Ng4 and 6 Be3 e5} Nxd5 (9... Bxd5 10. exd5 Nbd7 11. Qd2 g6 12. O-O-O Nb6 13. Qa5 Bh6 14. Bxh6 Rxh6 15. Qd2 Rh8 16. f4 exf4 17. Qxf4 {½-½ (57) Ponomariov,R (2699)-Wang,H (2698) Danzhou 2017}) 10. exd5 Bf5 11. Bd3 Bxd3 12. Qxd3 {LiveBook: 21 Games} Be7 13. O-O O-O 14. f4 Nd7 15. Qe2 $146 ({Predecessor:} 15. c3 Qc7 16. Rad1 Rae8 {½-½ (25) Mueller,G (2340)-Rohde,K (2285) GER email 2004}) 15... exf4 16. Bxf4 g6 17. Kh1 $36 {[%mdl 2048] White is more active.} Re8 18. Qf3 Qc7 19. c3 Bf8 20. Nd4 Ne5 21. Qg3 $1 Qc4 22. Ne6 Bg7 (22... h4 $11 23. Qg5 h3) 23. b3 $14 Qc8 24. Nxg7 Kxg7 25. Bg5 Qg4 26. Bf6+ Kg8 27. Qxg4 ({White should try} 27. Qe3 $14 Nd7 28. Be7) 27... Nxg4 $11 28. c4 b5 {Precision: White = 59%, Black = 83%.} 1/2-1/2

[Event "EYCC 2017"]
[Site "Mamaia"]
[Date "2017.09.11"]
[Round "6"]
[White "Sargsyan, Shant"]
[Black "Pultinevicius, Paulius"]
[Result "1/2-1/2"]
[WhiteElo "2436"]
[BlackElo "2381"]
[Annotator "TA"]
[PlyCount "86"]
[EventDate "2017.??.??"]
[EventType "swiss"]
[EventCountry "ROU"]
[SourceTitle "playchess.com"]
[Source "ChessBase"]
[SourceQuality "1"]

{[%evp 21,86,10,10,-7,22,17,24,0,4,1,13,10,18,0,0,0,0,-1,0,0,0,0,44,41,33,0,0,0,23,-38,-24,-19,0,0,69,73,98,93,92,85,91,88,95,68,133,115,120,134,119,0,0,0,0,0,0,0,0,0,0,0,0,0,0,0,0,0,0]} 1. d4 Nf6 2. c4 e6 3. Nf3 b6 4. g3 Ba6 5. b3 Bb7 6. Bg2 Bb4+ 7. Bd2 c5 8. Bxb4 cxb4 9. O-O O-O 10. Nbd2 Qe7 11. Qc2 d5 12. Rac1 {E15: Queen's Indian: 4 g3 sidelines, 4 g3 Ba6 and 4 g3 Bb7 early deviations} (12. Ne5 Rc8 13. Qb2 Nbd7 14. Nxd7 Qxd7 15. Rfe1 Rc7 16. e4 dxe4 17. Nxe4 Bxe4 18. Bxe4 Rd8 19. Rad1 Qd6 {½-½ (60) Bobula,M (2417)-Gritsak,O (2524) Chotowa 2007}) 12... Nc6 $146 ({Find the theoretical novelty and annotate with similar games:} 12... Nbd7 13. e3 Rac8 14. Qb2 Rc7 15. Rc2 Rfc8 16. Rfc1 dxc4 17. Rxc4 Nd5 18. Rxc7 Rxc7 19. Rxc7 Nxc7 {1-0 (37) Nokso Koivisto,A (2227)-Haapasalo,J (2165) Finland 2001}) 13. Qb2 Rfd8 14. Rfd1 {White has an edge.} Rac8 15. e3 Rc7 16. Ne5 Rdc8 17. h3 Nxe5 18. dxe5 Nd7 19. f4 Qc5 20. Kf2 {cxd5 is the strong threat.} Qa5 21. cxd5 exd5 22. Rxc7 Rxc7 23. Nf3 Rc3 $1 24. Nd4 Nc5 {Threatening ...Nd3+.} 25. Bf1 (25. Kg1 $11) 25... Ne4+ 26. Kf3 $1 Qc5 27. Bd3 f6 ({Black should play} 27... Qc8 $11) 28. e6 $1 $14 Nd6 29. Kf2 Ne4+ 30. Bxe4 dxe4 31. Qe2 Rd3 32. f5 g6 (32... Ba6 $14) 33. Rxd3 exd3 34. Qxd3 Qd5 35. e4 ({But not} 35. fxg6 $6 Qg2+ 36. Ke1 Qxg3+ 37. Kd2 Qxg6 $11) (35. g4 $16 gxf5 36. gxf5) 35... Qxe4 $11 {The position is equal.} 36. Qxe4 Bxe4 {[%mdl 4096] Endgame KB-KN} 37. g4 gxf5 38. gxf5 Bb1 39. Ke3 a5 40. Kd2 Kf8 ({Not} 40... Bxa2 $2 41. Kc1 $18) 41. Nc2 {[#] Black must now prevent Kc1.} Bxa2 42. Nd4 Bb1 $1 {[%cal Rb1e4] And now ...Be4 would win.} 43. Nc2 $1 Ba2 {Precision: White = 70%, Black = 51%.} (43... a4 $5 44. bxa4 b3 $17) 1/2-1/2

[Event "EYCC 2017"]
[Site "Mamaia"]
[Date "2017.09.11"]
[Round "6"]
[White "Matviishen, Viktor"]
[Black "Hakobyan, Aram"]
[Result "1-0"]
[WhiteElo "2431"]
[BlackElo "2472"]
[Annotator "TA"]
[PlyCount "109"]
[EventDate "2017.??.??"]
[EventType "swiss"]
[EventCountry "ROU"]
[SourceTitle "playchess.com"]
[Source "ChessBase"]
[SourceQuality "1"]

{[%evp 18,109,24,0,40,0,0,0,0,0,0,0,0,0,0,-7,-7,-8,0,-7,-11,-7,0,-11,-7,-8,0,0,0,0,0,0,0,0,0,-10,0,0,0,0,0,0,233,224,183,206,330,289,279,241,682,659,649,607,570,570,756,2443,1992,1212,1537,1401,1133,1016,12823,12832,12830,11504,12820,1458,12831,3346,12834,12836,12834,12834,12843,12843,12844,12839,12840,12840,12841,12842,12842,12843,12843,12843,12844,12844,12845,12845,12845,12845]} 1. d4 Nf6 2. c4 e6 3. g3 Bb4+ 4. Nd2 c5 5. a3 Bxd2+ 6. Qxd2 cxd4 7. Nf3 b6 8. Bg2 {E00: Catalan Bogo-Indian (3 g3 Bb4+)} (8. b4 Bb7 9. Qxd4 Nc6 10. Qf4 d6 11. Bb2 e5 12. Qd2 a5 13. b5 Ne7 14. Bg2 Qc7 15. O-O O-O {½-½ (121) Bluebaum,M (2642)-Andreikin,D (2712) Dortmund 2017}) 8... Bb7 9. Qxd4 Nc6 10. Qh4 {LiveBook: 8 Games. White has an edge.} h6 (10... Na5 $5 {[%cal Ra5b3]} 11. Bg5 Rc8 $11) 11. Bg5 Rg8 $146 ({Predecessor:} 11... O-O 12. Bxf6 Qxf6 13. Qxf6 gxf6 14. Nd2 Na5 15. Bxb7 Nxb7 {1-0 (53) Czerniak,M (2385)-Gelfer,I (2325) Israel 1976}) 12. Bxf6 Qxf6 13. Qxf6 gxf6 14. Nd2 Na5 15. Bxb7 Nxb7 16. e3 Ke7 17. Ke2 Rac8 18. Rac1 Rc7 19. Rc3 Rgc8 20. Rhc1 f5 21. Rd3 d5 22. Rdc3 Nd6 {[%cal Rd5c4]} 23. cxd5 Rxc3 24. Rxc3 Rxc3 25. bxc3 exd5 $11 {[%mdl 4096] Endgame KN-KN} 26. Nb3 Nb5 27. Nd4 Nxd4+ 28. exd4 {KP-KP} Kd6 29. Ke3 Kc6 $2 (29... b5 $11) 30. Kf4 $18 Kb5 {[#] And now ...Kc4 would win.} 31. Kxf5 Kc4 (31... a5 $142) 32. h4 {[%cal Bh2h4,Bh4h5][%mdl 32]} Kxc3 {aiming for ...b5.} 33. g4 b5 $2 {[#]} (33... Kxd4 34. h5 Kc4) 34. h5 $1 {White is clearly winning.} a5 35. g5 b4 36. axb4 axb4 {Strongly threatening ...b3.} 37. gxh6 b3 38. h7 b2 39. h8=Q b1=Q+ {KQ-KQ} 40. Kf6 Qb6+ 41. Kxf7 Qb7+ 42. Kg6 Qb1+ 43. Kf6 Qe4 44. Qc8+ Kxd4 45. Qf5 Qh1 46. Kg7 Kc3 47. h6 d4 48. Qc5+ Kd3 49. h7 Qg2+ 50. Kh6 Qh2+ 51. Qh5 Qf4+ 52. Kg7 Qc7+ 53. Qf7 Qe5+ 54. Qf6 Qc7+ 55. Kg6 {Precision: White = 71%, Black = 45%.} 1-0

[Event "EYCC 2017"]
[Site "Mamaia"]
[Date "2017.09.11"]
[Round "6"]
[White "Janik, Igor"]
[Black "Deac, Bogdan-Daniel"]
[Result "0-1"]
[WhiteElo "2418"]
[BlackElo "2559"]
[Annotator "TA"]
[PlyCount "66"]
[EventDate "2017.??.??"]
[EventType "swiss"]
[EventCountry "ROU"]
[SourceTitle "playchess.com"]
[Source "ChessBase"]
[SourceQuality "1"]

{[%evp 20,66,20,0,22,1,17,6,19,-112,62,76,75,74,79,-31,0,-36,-13,-30,-27,-71,-63,-63,-77,-122,-122,-148,-144,-158,-93,-303,-359,-369,-339,-639,-370,-357,-349,-947,-712,-1156,-725,-29986,-29987,-29987,-29988,-29988,-29989]} 1. e4 c5 2. Nf3 d6 3. d4 cxd4 4. Nxd4 Nf6 5. Nc3 a6 6. Bg5 Nbd7 7. Qe2 {B94: Sicilian Najdorf: 6 Bg5 Nbd7} (7. Bc4 Qa5 8. Qd2 e6 9. Bb3 Be7 10. O-O-O h6 11. Be3 Nc5 12. Kb1 Bd7 13. f3 Qc7 14. g4 b5 15. a3 Qb7 16. h4 a5 {1-0 (34) Nepomniachtchi,I (2732)-Korobov,A (2711) Khanty-Mansiysk 2017}) 7... h6 8. Bh4 g6 9. O-O-O e5 10. Nb3 Be7 11. f3 {LiveBook: 14 Games} b5 12. Bf2 Bb7 (12... b4 $5 {[%cal Rb4c3]} 13. Nd5 Nxd5 14. Rxd5 Bb7 $11) 13. a3 Rc8 14. h4 $146 {[#]} (14. Qd2 $11) ({Predecessor:} 14. Qd2 Qc7 {0-1 (43) Gruenfeld,Y (2442)-Raznikov,D (2489) Jerusalem 2013}) 14... Nb6 $2 (14... Rxc3 $1 $17 15. bxc3 d5) 15. Nc5 $14 Qc7 16. Nxb7 Qxb7 17. g4 (17. Qe3 $16 Rb8 18. g4) 17... Rxc3 $1 $15 18. Bxb6 Rxa3 19. bxa3 Qxb6 20. Rd3 Nd7 {[%mdl 1024] Black has strong compensation.} 21. Qe3 Nc5 22. Rd5 Qa5 23. Kb2 Na4+ 24. Kb3 {intending Qd2.} Nb6 (24... O-O $142 {...Rc8 is the strong threat.} 25. Qd2 Qc7) 25. Rd1 $2 (25. Qd2 $17 Qa4+ 26. Kb2) 25... d5 $19 {[%csl Ge7][%cal Ra5a3,Bd6d5,Bd5d4][%mdl 32] [#]} 26. Ka2 Na4 {And now ...Nc3+ would win.} 27. Ra1 $2 (27. Rd3 d4 28. Qc1) 27... Nc3+ 28. Kb2 d4 29. Qd3 $2 (29. Qd2 g5 30. Rh2) 29... O-O 30. f4 Rc8 31. fxe5 Na4+ {Black mates.} 32. Kb1 Qe1+ 33. Ka2 Nc3+ {Precision: White = 17%, Black = 57%.} 0-1